书目信息 |
| 题名: |
思维导图
|
|
| 作者: | 白虹 编著 | |
| 分册: | ||
| 出版信息: | 北京 中国华侨出版社 2016 |
|
| 页数: | 368页 | |
| 开本: | 25cm | |
| 丛书名: | ||
| 单 册: | ||
| 中图分类: | B804-49 | |
| 科图分类: | ||
| 主题词: | 思维方法--通俗读物 | |
| 电子资源: | ||
| ISBN: | 978-7-5113-6110-3 | |
| 000 | 00860nam0 2200241 450 | |
| 001 | 012001002127 | |
| 005 | 20140121113405.0 | |
| 010 | @a978-7-5113-6110-3@dCNY59.00 | |
| 100 | @a20170215d2016 em y0chiy50 ea | |
| 101 | 0 | @achi |
| 102 | @aCN@b110000 | |
| 105 | @aa z 000yy | |
| 106 | @ar | |
| 200 | 1 | @a思维导图@9si wei dao tu@f白虹编著 |
| 210 | @a北京@c中国华侨出版社@d2016 | |
| 215 | @a368页@c彩图@d25cm | |
| 300 | @a超值全彩悦读馆 | |
| 330 | @a本书是一本思维工具书,能够帮助读者提高学习和工作效率,激发更多的联想创意,从而唤醒大脑潜能,全面激发思维风暴。全书分为七篇,内容包括:大脑使用说明、唤醒创造天才、获取超级记忆、激发身体潜能、磨砺社交技能、职场成功秘符、画出完美人生。 | |
| 606 | 0 | @a思维方法@j通俗读物 |
| 690 | @aB804-49@v5 | |
| 701 | 0 | @a白虹@9bai hong@4编著 |
| 801 | 0 | @aCN@b上海新华@c20180901 |
| 905 | @b1168031-5@dB804-49@e122@f5 | |
| 思维导图/白虹编著.-北京:中国华侨出版社,2016 |
| 368页:彩图;25cm |
| 超值全彩悦读馆 |
| ISBN 978-7-5113-6110-3:CNY59.00 |
| 本书是一本思维工具书,能够帮助读者提高学习和工作效率,激发更多的联想创意,从而唤醒大脑潜能,全面激发思维风暴。全书分为七篇,内容包括:大脑使用说明、唤醒创造天才、获取超级记忆、激发身体潜能、磨砺社交技能、职场成功秘符、画出完美人生。 |
| ● |
| 相关链接 |
|
|
|
|
正题名:思维导图
索取号:B804-49/122
 
预约/预借
| 序号 | 登录号 | 条形码 | 馆藏地/架位号 | 状态 | 备注 |
| 1 | 1168031 | 211680313 | 第一样本阅览室/ [索取号:B804-49/122] | 在馆 | |
| 2 | 1168032 | 211680322 | 第一借阅区/ [索取号:B804-49/122] | 在馆 | |
| 3 | 1168033 | 211680331 | 第一借阅区/ [索取号:B804-49/122] | 在馆 | |
| 4 | 1168034 | 211680340 | 第一借阅区/ [索取号:B804-49/122] | 在馆 | |
| 5 | 1168035 | 211680359 | 第一借阅区/ [索取号:B804-49/122] | 在馆 |